| 000 | 00760ncc a2200289 a 4500 | ||
|---|---|---|---|
| 003 | AR-X00000XY | ||
| 005 | 20251128211913.0 | ||
| 008 | 097020s2004 ||||||||||||||000 | spa|| | ||
| 020 | _a958-30-1412-5 | ||
| 040 | _cAR-X00000XY | ||
| 100 | 1 | _aMonsalve B., Jaime Andrés | |
| 245 | 1 | 0 |
_aCarlos Gardel _bcuesta arriba en su rodeada |
| 260 |
_aBogotá _bPanamericana _c2004 |
||
| 300 | 0 | _a150 p. | |
| 490 | 0 | _a100 personajes-autores | |
| 500 | 0 | _aDonación de la Embajada de Colombia en Buenos Aires | |
| 600 | 1 | 4 | _aGardel, Carlos |
| 650 | 4 | _aBIOGRAFIAS | |
| 650 | 4 | _aHISTORIA ARGENTINA | |
| 650 | 4 | _aMUSICOS | |
| 650 | 4 | _aARTISTAS | |
| 650 | 4 | _aMUSICA NACIONAL | |
| 653 | 0 | _aTANGO | |
| 655 | _aBIOGRAFIAS | ||
| 942 | _cMU | ||
| 998 | _cNancy | ||
| 999 |
_c21557 _d21557 |
||